Networking process in cultural tourism: new technologies for enhancing a cultural cooperation
Procesy vytvárania sietí v kultúrnej turistike založené na informačných a komunikačných technológiách, ktorých cieľom je zvýšiť regionálnu kultúrnu spoluprácu. Kultúrna rôznorodosť. Nedostatok informácií v rôznych oblastiach kultúry je brzdou rozvoja kultúrnej turistiky. Vytváranie sietí v kultúrnej...
Uložené v:
| Hlavný autor: | |
|---|---|
| Ďalší autori: | |
| Médium: | Kapitola |
| Jazyk: | English |
| Predmet: | |
| Tagy: |
Žiadne tagy, Buďte prvý, kto otaguje tento záznam!
|
MARC
| LEADER | 00000naa$a2200000$$$4500 | ||
|---|---|---|---|
| 001 | 0064310 | ||
| 005 | 20240502083154.8 | ||
| 041 | 0 | |a eng | |
| 044 | |a CU | ||
| 245 | 1 | 0 | |a Networking process in cultural tourism: new technologies for enhancing a cultural cooperation |c Mária Tajtáková, Thomas Heskia |
| 520 | |a Procesy vytvárania sietí v kultúrnej turistike založené na informačných a komunikačných technológiách, ktorých cieľom je zvýšiť regionálnu kultúrnu spoluprácu. Kultúrna rôznorodosť. Nedostatok informácií v rôznych oblastiach kultúry je brzdou rozvoja kultúrnej turistiky. Vytváranie sietí v kultúrnej turistike. Prípad Slovenska a Rakúska - Kult-Tour centrum. | ||
| 610 | 2 | 0 | |a turistika |
| 610 | 2 | 0 | |a kultúra |
| 610 | 2 | 0 | |a technológie informačné |
| 610 | 2 | 0 | |a technológie nové |
| 610 | 2 | 0 | |a spolupráca kultúrna |
| 610 | 2 | 0 | |a spolupráca cezhraničná |
| 610 | 2 | 0 | |a Slovensko |
| 610 | 2 | 0 | |a Rakúsko |
| 100 | 1 | |a Tajtáková, Mária | |
| 700 | 1 | |a Heskia, Thomas | |